Olivia Rodrigo - Chansons de you seem pretty sad for a girl so in love - Statistiques

Statistiques générales
  • Ce quiz a été pris 6 fois
  • Le résultat moyen est 9 sur 13
Statistiques - réponses
Hint Réponse % Correct
you seem pretty sad for a girl so in love2 9 begged
100%
you seem pretty sad for a girl so in love2 13 cigarette smoke
100%
you seem pretty sad for a girl so in love 1 drop dead
100%
you seem pretty sad for a girl so in love2 11 less
100%
you seem pretty sad for a girl so in love 7 purple
100%
you seem pretty sad for a girl so in love2 8 the cure
100%
you seem pretty sad for a girl so in love 5 u + me = ˂3
100%
you seem pretty sad for a girl so in love2 10 what's wrong with me
100%
you seem pretty sad for a girl so in love 2 stupid song
50%
you seem pretty sad for a girl so in love2 12 expectations
0%
you seem pretty sad for a girl so in love 3 honeybee
0%
you seem pretty sad for a girl so in love 4 maggots for brains
0%
you seem pretty sad for a girl so in love 6 my way
0%
Aucun quiz correspondant
Distribution des résultats
% des personnes avec chaque résultat
Percentile par nombre de réponses
Votre historique - résultats
Vous n’avez pas pris ce quiz